Score 0/25 Timer 03:00
0 Plays Today
Info. Answer % Correct
The most developed nation in Southeast Asia is ......Singapore
64.1%
What is the longest river in Southeast Asia?Mekong river
60.3%
What is the full name of ASEAN?Association of Southeast Asian Nations
60%
What is the largest city in Southeast Asia?Jakarta
56.5%
The largest religion in Southeast Asia is ......Islam
56.3%
The most spoken language in Southeast Asia is ......Indonesian
32.6%
What is the largest lake in Southeast Asia?Tonle Sap
32.4%
The most popular grains in Southeast Asia is ......Rice
30.3%
The tallest building in Southeast Asia is in ...... (Name of the city where it is located)Kuala Lumpur
29.8%
The largest island that lies completely within the Southeast Asian region is ......Borneo
25.1%
The nations that share the Borneo island.Malaysia, Indonesia, Brunei
20.3%
Southeast Asia is separated into two regions, they are ......Maritime, Mainland
18.2%
The largest island in Southeast Asia is ......New Guinea
16.5%
Info. Answer % Correct
The only two Indo-European languages that have official status in Southeast AsiaEnglish, Portuguese
15.4%
The only Southeast Asian nation that didn't fall into the colonization of Western powers is......Thailand
14.2%
The most busy sea straitStrait of Malacca
12.1%
The largest delta in Southeast Asia is ......Mekong delta
10.9%
The only nation that is within Southeast Asia region but didn't join ASEAN.Timor Leste
10.9%
The isthmus that lies between Indian Ocean and Pacific OceanIsthmus of Kra
7.1%
The name of a group of inhabited islands that is being claimed by several Southeast Asian nations.The Spratly Islands
6.6%
The most prestigious university in Southeast Asia is called ......National University of Singapore
5.7%
The most traded currency in Souteast Asia.Singapore dollar
4.7%
The deepest point in Southeast Asia is ......Philippine trench
4.3%
The busiest port in Southeast Asia.Port of Singapore
4.3%
The oldest commercial airlines in Southeast Asia.Philippines airlines
2.1%

You're not logged in!

Compare scores with friends on all Sporcle quizzes.
OR
Log In

Sporcle TV

Today on Sporcle TV


Watch our educational content, quiz creation guides, and fun videos on Sporcle TV.

Show Comments

Extras

Created Oct 18, 2013ReportNominate
Tags:Southeast Asia

Top Quizzes Today


Score Distribution

Paid Content

Your Account Isn't Verified!

In order to create a playlist on Sporcle, you need to verify the email address you used during registration. Go to your Sporcle Settings to finish the process.

Report this User

Report this user for behavior that violates our Community Guidelines.

Details: